| 000 | 00702nam a2200205Ia 4500 | ||
|---|---|---|---|
| 008 | 151119s9999||||xx |||||||||||||| ||und|| | ||
| 082 | _a891.461 | ||
| 082 | _bGKKV29528 | ||
| 100 | _aढसाळ नामदेव | ||
| 245 | _aमूखँ म्हतारय डोगंर हलवले | ||
| 260 | _aमुंबई | ||
| 260 | _bलोकवाङमय गृह | ||
| 260 | _c1975 | ||
| 300 | _a93Pp. | ||
| 600 | _aढसाळ नामदेव | ||
| 630 | _aमूखँ म्हतारय डोगंर हलवले | ||
| 700 | _aढसाळ नामदेव | ||
| 730 | _aमूखँ म्हतारय डोगंर हलवले | ||
| 942 | _cBOOK | ||
| 999 |
_c1081884 _d1081881 |
||